Design for electrical and computer engineers : (Record no. 654)

MARC details
000 -LEADER
fixed length control field 01346nam a22002177a 4500
005 - DATE AND TIME OF LATEST TRANSACTION
control field 20250420134820.0
008 - FIXED-LENGTH DATA ELEMENTS--GENERAL INFORMATION
fixed length control field 210523b ||||| |||| 00| 0 eng d
020 ## - INTERNATIONAL STANDARD BOOK NUMBER
International Standard Book Number 9780073195995
040 ## - CATALOGING SOURCE
Original cataloging agency KCST
Transcribing agency KCST
082 ## - DEWEY DECIMAL CLASSIFICATION NUMBER
Classification number 621.3815
Item number Fo De
100 ## - MAIN ENTRY--PERSONAL NAME
Personal name Ford, Ralph
9 (RLIN) 5213
245 ## - TITLE STATEMENT
Title Design for electrical and computer engineers :
Remainder of title Theory, Concepts, and Practice /
Statement of responsibility, etc. Ralph M. Ford, Chris S. Coulston.
260 ## - PUBLICATION, DISTRIBUTION, ETC.
Place of publication, distribution, etc. New York :
Name of publisher, distributor, etc. McGraw-Hill,
Date of publication, distribution, etc. 2005.
300 ## - PHYSICAL DESCRIPTION
Extent x, 280 pages :
Other physical details illustrations ;
Dimensions 24 cm
505 ## - FORMATTED CONTENTS NOTE
Formatted contents note The engineering design process --<br/>Project selection and needs identification --<br/>The requirements specification --<br/>Concept generation and evaluation --<br/>Sysem design I: functional decomposition --<br/>System design II: behavior models --<br/>Testing --<br/>System reliability --<br/>Teams and teamwork --<br/>Project management --<br/>Ethical and legal issues --<br/>Oral presentations.
520 ## - SUMMARY, ETC.
Summary, etc. Written for students and teachers engaged in electrical and computer engineering design projects, this work guides students and faculty through the steps necessary for the successful execution of design projects. It aims to provide a treatment of the design process with an academic basis that is integrated with practical application.
650 ## - SUBJECT ADDED ENTRY--TOPICAL TERM
Topical term or geographic name entry element Electronic circuit design
9 (RLIN) 94
700 ## - ADDED ENTRY--PERSONAL NAME
Personal name Coulston, Chris s.
9 (RLIN) 5214
942 ## - ADDED ENTRY ELEMENTS (KOHA)
Koha item type Book
942 ## - ADDED ENTRY ELEMENTS (KOHA)
Source of classification or shelving scheme Dewey Decimal Classification
Holdings
Withdrawn status Lost status Source of classification or shelving scheme Damaged status Not for loan Home library Current library Date acquired Cost, normal purchase price Total checkouts Total renewals Full call number Barcode Date last seen Date last checked out Price effective from Koha item type
    Dewey Decimal Classification     KCST Library KCST Library 23/05/2021 56.17 3 2 621.3815 Fo De 1000000757 06/11/2025 12/10/2025 23/05/2021 Book
© 2025 KCST. All rights reserved